Sudden Death: Best Picture Oscars, 1970s - Statistics

General Stats
  • This quiz has been taken 83 times
  • The average score is 6 of 10
Answers on the Grid
Answers color-coded by a green-red scale on the quiz's grid according to % correct below.
Patton
The French Connection
The Godfather
The Sting
The Godfather Part II
One Flew Over the Cuckoo's Nest
Rocky
Annie Hall
The Deer Hunter
Kramer vs. Kramer
Airport
Five Easy Pieces
Love Story
M*A*S*H
A Clockwork Orange
Fiddler on the Roof
The Last Picture Show
Cabaret
Deliverance
American Graffiti
Cries and Whispers
The Exorcist
Chinatown
The Towering Inferno
Jaws
All the President’s Men
Taxi Driver
Network
Star Wars
Midnight Express
Apocalypse Now
Norma Rae
Heaven Can Wait
The Turning Point
Dog Day Afternoon
Nashville
 
Answer Stats
Answer % Correct
1975 One Flew Over the Cuckoo's Nest
80%
1972 The Godfather
69%
1976 Rocky
67%
1977 Annie Hall
66%
1974 The Godfather Part II
62%
1979 Kramer vs. Kramer
59%
1970 Patton
57%
1978 The Deer Hunter
54%
1971 The French Connection
52%
1973 The Sting
51%
No matching quizzes found
Score Distribution
Percent of People with Each Score
Percentile by Number Answered
Your Score History
You have not taken this quiz